| 000 | 01114cam a22003134a 4500 | ||
|---|---|---|---|
| 001 | 11761025 | ||
| 003 | ARRUPE | ||
| 005 | 20150209143916.0 | ||
| 008 | 990720s2000 tnu b 001 0 eng | ||
| 010 | _a 99040978 | ||
| 020 | _a0687058228 (alk. paper) | ||
| 035 | _a(DLC) 99040978 | ||
| 040 |
_aDLC _cDLC _dDLC |
||
| 042 | _apcc | ||
| 050 | 0 | 0 |
_aBS2705.3 _b.O75 2000 |
| 082 | 0 | 0 |
_a227/.607 _221 |
| 100 | 1 |
_aOsiek, Carolyn. _92020 |
|
| 245 | 1 | 0 |
_aPhilippians, Philemon / _cCarolyn Osiek. |
| 260 |
_aNashville, Tenn. : _bAbingdon Press, _cc2000. |
||
| 300 |
_a154 p. ; _c23 cm. |
||
| 440 | 0 |
_aAbingdon New Testament commentaries _914944 |
|
| 504 | _aIncludes bibliographical references (p. 147-152) and index. | ||
| 630 | 0 | 0 |
_aBible. _pPhilippians _vCommentaries. _911835 |
| 630 | 0 | 0 |
_aBible. _pPhilemon _vCommentaries. _911837 |
| 906 |
_a7 _bcbc _corignew _d1 _eocip _f19 _gy-gencatlg |
||
| 942 |
_2lcc _cMONOGRAPH |
||
| 999 |
_c121988 _d121988 |
||